مبادئ القانون / (رقم التسجيلة. 100481)

تفاصيل مارك
000 -LEADER
fixed length control field 00930cam a2200253 a 4500
003 - CONTROL NUMBER IDENTIFIER
control field EG-GiCUC
008 - FIXED-LENGTH DATA ELEMENTS--GENERAL INFORMATION
fixed length control field 081226m19749999ua g 000 0 ara d
017 ## - COPYRIGHT OR LEGAL DEPOSIT NUMBER
Copyright or legal deposit number 1973 / 555
Assigning agency مصر.دار الكتب
040 ## - CATALOGING SOURCE
Original cataloging agency EG-GiCUC
Language of cataloging ara
Transcribing agency EG-GiCUC
092 04 - LOCALLY ASSIGNED DEWEY CALL NUMBER (OCLC)
Classification number 340
Item number A861
Edition number 21
099 ## - LOCAL FREE-TEXT CALL NUMBER (OCLC)
Classification number 04
-- 340 A861
100 1# - MAIN ENTRY--PERSONAL NAME
Personal name الاسيوطى : ثروت انيس
245 10 - TITLE STATEMENT
Title مبادئ القانون /
Statement of responsibility, etc. ثروت انيس الاسيوطى
260 ## - PUBLICATION, DISTRIBUTION, ETC.
Place of publication, distribution, etc. القاهرة :
Name of publisher, distributor, etc. دار النهضة العربية :
Date of publication, distribution, etc. 1974-
300 ## - PHYSICAL DESCRIPTION
Extent مج ؛
Dimensions 24سم
504 ## - BIBLIOGRAPHY, ETC. NOTE
Bibliography, etc. note يشتمل على ارجاعات ببليوجرافية
590 ## - LOCAL NOTE (RLIN)
Local note المكتبة تقتنى فقط المجلد الاول
650 #7 - SUBJECT ADDED ENTRY--TOPICAL TERM
Topical term or geographic name entry element القانون
Source of heading or term qrmak
902 ## - LOCAL DATA ELEMENT B, LDB (RLIN)
No. of Items 1
905 ## - LOCAL DATA ELEMENT E, LDE (RLIN)
Cataloger اميرة
Reviser مدخل
905 ## - LOCAL DATA ELEMENT E, LDE (RLIN)
Cataloger جيهان
Reviser مراجع
942 ## - ADDED ENTRY ELEMENTS (KOHA)
Source of classification or shelving scheme Dewey Decimal Classification
Koha item type Books
المقتنيات
Source of classification or shelving scheme Not for loan Home library Current library Date acquired Full call number Barcode Date last seen Copy number Koha item type
Dewey Decimal Classification   المكتبة المركزبة الجديدة - جامعة القاهرة قاعة الكتب - الدور الثاني 11.02.2024 340 A861 01000100118370001 23.09.2023 v.1 C.1 Books
Cairo University Libraries Portal Implemented & Customized by: Eng. M. Mohamady Contacts: new-lib@cl.cu.edu.eg | cnul@cl.cu.edu.eg
CUCL logo CNUL logo
© All rights reserved — Cairo University Libraries
CUCL logo
Implemented & Customized by: Eng. M. Mohamady Contact: new-lib@cl.cu.edu.eg © All rights reserved — New Central Library
CNUL logo
Implemented & Customized by: Eng. M. Mohamady Contact: cnul@cl.cu.edu.eg © All rights reserved — Cairo National University Library